000 01699nam0a2200361 4500
001 RU\NLR\BIBL_A\022715038
005 20260213114120.0
010 _a978-5-6054742-9-6
_91200
021 _aRU
_bКН-П-25-075466
_9КН-П-25-7320
035 _a(NLR Aleph) 022715038
090 _a13552915
_c13552915
100 _a20260202d2025 u y0rusy50 ca
101 0 _arus
102 _aRU
105 _aac z 000yy
181 0 _ab3
_bxb2e
181 0 _ai2
_baxxe
182 0 _an
200 1 _aАграрное Приамурье
_f[Лариса Сергеевна Киреева, Сергей Викторович Шорин, Елена Александровна Башурова и др.
_gредакторы: Елена Александровна Башурова, Лариса Сергеевна Киреева]
203 _aИзображение
_aТекст
_bвизуальные
_cнепосредственные
210 _aБлаговещенск
_cДальний Восток
_d2025
215 _a301, [2] с.
_cил., цв. ил., портр.
_d35
300 _aАвт. указаны над вып. дан.
606 1 _aСельское хозяйство
_jФотоальбомы
_yАмурская область
_9959202
_3RU\NLR\AUTH\6639023
686 1 _aП9(2Р55-4Ам)я656
701 1 _aКиреева
_bЛ. С.
_gЛариса Сергеевна
701 1 _aШорин
_bС. В.
_gСергей Викторович
701 1 _aБашурова
_bЕ. А.
_gЕлена Александровна
702 1 _aБашурова
_bЕ. А.
_gЕлена Александровна
_4340
942 _cBOOK
980 _aNB